000 00665nam a2200205Ia 4500
003 GCL
005 20240530104406.0
008 140319s9999 xx 000 0 ara d
040 _aGCL /
_cGCL
082 0 4 _a822.008
_bش م
100 1 _aشكسبير، ويليام
245 1 0 _aماساة الملك لير /
_cشكسبير، ويليام
300 _a153 ص
490 _aروايات الهلال
_v0
650 0 4 _aالادب الانجليزى المترجم
650 0 4 _aالمسرحيات الانجليزية المترجمة
650 0 4 _aشكسبير، ويليام
700 1 _aجبرا ابراهيم جبرا (مترجم)
942 _2ddc
_cBK
999 _c47188
_d47188